00926cam a22002655a 45000010009000000050017000090080041000260200044000670400028001110820019001391000025001582450063001832600035002463000033002815000025003145040031003395900010003706500029003806500042004096510010004516530034004619420008004959990017005039520140005201734049420151019115141.0120608t2013 nyua frb 001 0 eng d a9781461441595 (hard cover : alk. paper) aDLCcDLCbengdEG-ScBUE04222a620.3bJAZ1 aJazar, Reza N.9394010aAdvanced vibrations :ba modern approach /cReza N. Jazar. aNew York :bSpringer,cc.2013. axv, 693 p. :bill. ;c24 cm. aIndex : p. 685-693.  aBibliography : p. 683-684. aSAMEH 72BUEsh938021aVibration. 7aVibrationvMathematical models2BUEsh 2BUEsh bENGGENcJune2015cOctober2015 2ddc c19980d19952 00102ddc40708AlahramaMAINbMAINc1STd2015-06-28ePurchaseg820.00h299l0o620.3 JAZp000039127r2025-07-15 00:00:00v1025.00yBB